<?xml version="1.0" encoding="UTF-8"?>
<collection xmlns="http://www.loc.gov/MARC21/slim">
<record>
  <controlfield tag="001">7799</controlfield>
  <controlfield tag="005">20260113123322.0</controlfield>
  <datafield tag="037" ind1=" " ind2=" ">
    <subfield code="a">SCART-2026-0052</subfield>
  </datafield>
  <datafield tag="100" ind1=" " ind2=" ">
    <subfield code="a">Trust, Otto</subfield>
  </datafield>
  <datafield tag="245" ind1=" " ind2=" ">
    <subfield code="a">High-precision Photometry and HERMES Spectroscopy of Four Bright Stars Near M44</subfield>
  </datafield>
  <datafield tag="260" ind1=" " ind2=" ">
    <subfield code="c">2026</subfield>
  </datafield>
  <datafield tag="520" ind1=" " ind2=" ">
    <subfield code="a">We present the first homogeneous photometric and spectroscopic study of four bright field stars (HD 73135, BD +19◦ 2045, BD +19◦ 2046, and TYC 1395-855-1) that lie close to the variable HD 73045. These were monitored, but never fully analysed, by the Nainital–Cape Survey. Johnson-BV CCD time series from four 0.4–1.3 m telescopes show all four stars to be constant at the ≲ 0.12 mag level. Space-based K2 Campaigns 5 and 18 reveal low-amplitude variability only in HD 73135 and BD +19◦ 2045, and we additionally analyse TESS photometry from Sectors 45 and/or 72. HD 73135 shows a persistent 1.4–1.6 d doublet consistent with rotational modulation, although an orbital (ellipsoidal) interpretation cannot be excluded without time-series radial velocities; in TESS the dominant low-frequency power shifts to longer timescales (P ≃ 3–4.5 d), inconsistent with the vsini-R constraint, and we therefore adopt the K2 timescale. BD +19◦ 2045 exhibits a 0.08–0.40 d−1 γ-Doradus g-mode spectrum also detected in TESS Sector 72. BD +19◦ 2046 and TYC 1395-855-1 are non-variable or only marginally variable in K2 but show coherent low-frequency signals in TESS, which we conservatively classify as uncertain. In addition, high-resolution HERMES spectra confirm HD 73135’s Am nature (kA7 hF1 mF2) and show Sr–Ba overabundances of ∼ +1 dex. BD +19◦ 2045 is a chemically normal F8 V star, while BD +19◦ 2046 and TYC 1395-855-1 are K1–K2 sub-giants. Using spectroscopic constraints, we performed the first-step towards precise characterisation of these stars, yielding the masses, radii, and ages. These stars are located just 6◦ from the planned PLATO North-Ecliptic Ridge field, hence furnish benchmark targets for forthcoming asteroseismic and exoplanet surveys.</subfield>
  </datafield>
  <datafield tag="594" ind1=" " ind2=" ">
    <subfield code="a">NO</subfield>
  </datafield>
  <datafield tag="653" ind1="1" ind2=" ">
    <subfield code="a">Stars: chemically peculiar</subfield>
  </datafield>
  <datafield tag="653" ind1="1" ind2=" ">
    <subfield code="a">Stars: rotation</subfield>
  </datafield>
  <datafield tag="653" ind1="1" ind2=" ">
    <subfield code="a">Stars: starspots</subfield>
  </datafield>
  <datafield tag="653" ind1="1" ind2=" ">
    <subfield code="a">Stars: general</subfield>
  </datafield>
  <datafield tag="700" ind1=" " ind2=" ">
    <subfield code="a">Joshi, Santosh</subfield>
  </datafield>
  <datafield tag="700" ind1=" " ind2=" ">
    <subfield code="a">Nsamba, Benard</subfield>
  </datafield>
  <datafield tag="700" ind1=" " ind2=" ">
    <subfield code="a">Aol, Sharon</subfield>
  </datafield>
  <datafield tag="700" ind1=" " ind2=" ">
    <subfield code="a">Vermeulen, Owen</subfield>
  </datafield>
  <datafield tag="700" ind1=" " ind2=" ">
    <subfield code="a">Ssembatya, Ronald</subfield>
  </datafield>
  <datafield tag="700" ind1=" " ind2=" ">
    <subfield code="a">De Cat, Peter</subfield>
  </datafield>
  <datafield tag="700" ind1=" " ind2=" ">
    <subfield code="a">Lampens, Patricia</subfield>
  </datafield>
  <datafield tag="700" ind1=" " ind2=" ">
    <subfield code="a">Barnes, Sydney A.</subfield>
  </datafield>
  <datafield tag="700" ind1=" " ind2=" ">
    <subfield code="a">Goswami, Partha P.</subfield>
  </datafield>
  <datafield tag="700" ind1=" " ind2=" ">
    <subfield code="a">Dileep, Athul</subfield>
  </datafield>
  <datafield tag="700" ind1=" " ind2=" ">
    <subfield code="a">Ghosh, Surath C.</subfield>
  </datafield>
  <datafield tag="700" ind1=" " ind2=" ">
    <subfield code="a">Kumar,  Pramod S.</subfield>
  </datafield>
  <datafield tag="700" ind1=" " ind2=" ">
    <subfield code="a">Jurua, Edward</subfield>
  </datafield>
  <datafield tag="700" ind1=" " ind2=" ">
    <subfield code="a">Sarkar, Mrinmoy</subfield>
  </datafield>
  <datafield tag="700" ind1=" " ind2=" ">
    <subfield code="a">Bedi, Sarabjeet S.</subfield>
  </datafield>
  <datafield tag="773" ind1=" " ind2=" ">
    <subfield code="p">Monthly Notices of the Royal Astronomical Society</subfield>
    <subfield code="y">2026</subfield>
  </datafield>
  <datafield tag="856" ind1="0" ind2=" ">
    <subfield code="f">peter.decat@ksb-orb.be</subfield>
  </datafield>
  <datafield tag="905" ind1=" " ind2=" ">
    <subfield code="a">submitted to</subfield>
  </datafield>
  <datafield tag="980" ind1=" " ind2=" ">
    <subfield code="a">REFERD</subfield>
  </datafield>
</record>
</collection>